Suomen laskettelukeskukset - Statistics

Yleistilastot
  • Tätä visaa on pelattu 153 kertaa
  • Keskiarvotulos 15 / 77
Vastaustilastot
Kunta Laskettelukeskus % Oikein
Kittilä Levi
89%
Kuusamo Ruka
89%
Kolari Ylläs
79%
Jämsä Himos
76%
Nilsiä Tahko
60%
Pudasjärvi Iso-Syöte
57%
Muonio Pallas
53%
Sotkamo Vuokatti
53%
Inari Saariselkä
50%
Pelkosenniemi Pyhä
48%
Salla Salla
44%
Hollola Messilä
38%
Vihti Vihti Ski Center
38%
Lieksa Koli
35%
Jyväskylä Laajavuori
34%
Sodankylä Luosto
34%
Rovaniemi Ounasvaara
34%
Pudasjärvi Pikku-Syöte
34%
Hyvinkää Sveitsi
33%
Pälkäne Sappee
32%
Ylitornio Aavasaksa
30%
Espoo Serena Ski
27%
Muonio Olos
26%
Sastamala Ellivuori Ski Center
25%
Kirkkonummi Peuramaa
24%
Sipoo Talma Ski
24%
Hyrynsalmi Ukkohalla
24%
Turku Hirvensalo
20%
Lapua Simpsiö
18%
Puolanka Paljakka
17%
Hankasalmi Häkärinteet
15%
Siilinjärvi Kasurila
15%
Oulu Ruskotunturi
15%
Muurame Riihivuori
14%
Kemijärvi Suomutunturi
13%
Turenki Kalpalinna
12%
Salo Meri-Teijo Ski
12%
Kouvola Mielakka
11%
Tampere Mustavuori
11%
Seinäjoki Joupiska
10%
Kontiolahti Mustavaara
9%
Taivalkoski Taivalvaara
9%
Äänekoski Äänemäki
8%
Joutseno Myllymäki
8%
Raasepori Påminne
8%
Keminmaa Kalli Ski Resort
7%
Ristijärvi Saukkovaara
7%
Juva Hasamäki
5%
Porvoo Kokonniemi
5%
Kempele Köykkyri
5%
Vimpeli Lakis
5%
Saarijärvi Paavonrinteet
5%
Teuva Parra
5%
Hartola Purnu
5%
Nurmijärvi Tornikeskus
5%
Hamina Uuperinrinteet
5%
Kaustinen Kaustisen Hiihtokeskus
4%
Kaavi Maarianrinteet
4%
Heinävesi Pääskyvuori
4%
Pori Ruosniemi
4%
Nakkila Salomonkallio
4%
Iisalmi Paloisvuori
3%
Savonlinna Ruunarinteet
3%
Kauhajoki Sotkanrinteet
3%
Mikkeli Tornimäki
3%
Harjavalta Hiitteenharju
2%
Savonlinna Lekotti
2%
Sievi Louekeskus
2%
Virrat Pukkivuori
2%
Pello Ritavalkea
2%
Ruokolahti Ruokolahden FreeSki
2%
Espoo Solvalla-Swinghill
2%
Posio Kiririnteet
1%
Jalasjärvi Kiuaskallio
1%
Soini Ski Vuorenmaa
1%
Kauniainen Kauniainen-Granibacken
0%
Varkaus Vatuski
0%
Ehtoja vastaavia visoja ei löytynyt
Tulosjakauma
Jokaisen tuloksen saaneiden osuus
Persentiili vastausten määrän mukaan
Tuloshistoriasi
Et ole pelannut tätä visaa